1351 1443 1717 1512 1678 1531 1523 1170 1645 1483 1692 1080 1320 1737 1818 1355 1295 1463 1753 1227 1913 1657 1920 1159 1863 1845 1738 1183 1145 1529 1536 1132 1683 1844 1570 1867 1830 1920 1350 1314 1722 1769 1083 1518 1872 1191 1932 1239 1919 1050 1154 1973 1440 1733 1972 1004 1206 1154 1725 1518 1720 1004 1032 1265 1327 1440 1233 1465 1305 1463 1245 1971 1240 1740 1797 1562 1967 1167 1810 1951 1749 1618 1805 1655 1280 1386 1585 1977 1481 1790 1974 1795 1918 1941 1395 1865 1282 1126 1565 BCNSPRNW ULIB Ver.6.0+V

เปลี่ยนเป็นภาษาไทย

Change to English
 แสดงรายละเอียดบรรณานุกรม
  กลับหน้าหลัก

Brief Record : Get Marc (ISO 2709) : E-mail record : QR code < ปิดหน้าต่าง
LEADER : 00000nam 2200000uu 4500
001    13399123663
003     ULIB
008    141104s2556||||th 000 0 tha d
020    ^a9789740330561
060  0 ^aWY87^bพ516ค
100 0  ^aพัชนี สมกำลัง
245 10 ^aจิตวิญญาณของผู้นำทางการพยาบาลฟลอเรนซ์ ไนติงเกล /^cพัชนี สมกำลัง
246 15 ^aSpiritual life of the leader of nursing florence nightingale
260    ^aกรุงเทพฯ:^bสำนักพิมพ์แห่งจุฬาลงกรณ์มหาวิทยาลัย,^c2556
300    ^a293 หน้า :^bภาพประกอบ
505 0  ^a--^tบทที่ 1 แนวคิดเรื่องจิตวิญญาณ--^tบทที่ 2 มิติจิตวิญญาณกับผู้นำทางการพยาบาลฟลอเรนซ์ ไนติงเกล--^tบทที่ 3 พัฒนาการทางจิตวิญญาณของฟลอเรนซ์ ไนติงเกล--^tบทที่ 4 ปฏิบัติการทางจิตวิญญาณของฟลอเรนซ์ ไนติงเกล--^tบทที่ 5 ลักษณะความผาสุกทางจิตวิญญาณของฟลอเรนซ์ ไนติงเกล
600 0  ^aไนติงเกล,ฟลอเรนซ์,^d1820 - 1920
650  7 ^aพยาบาล^xแง่ศาสนา
650  7 ^aชีวิตทางจิตวิญญาณ
650  7 ^aการบริหารการพยาบาล
945    ^p230^l0^i036606
945    ^p230^l0^i036607
945    ^p230^l0^i036608
945    ^p230^l0^i036609
945    ^p230^l0^i036610
945    ^p230^l0^i036611
945    ^p230^l0^i036612
945    ^p230^l0^i036613
945    ^p230^l0^i036614
945    ^p230^l0^i036615
999    ^aเกษร โพธิ์สุวรรณ
รายการนี้ยังไม่มีแท็ก
คุณยังไม่ได้ล็อกอิน คุณสามารถมีกิจกรรมร่วมกับเว็บไซต์ได้ แต่ต้องล็อกอินก่อน ::
  ล็อกอิน

รายการสื่อสารสนเทศ

ลำดับที่ ประเภท เลขเรียก/บาร์โค้ด สถานที่ สถานะ
1. Book การพยาบาล
หนังสือสำรอง
สถานะ=หนังสือสำรอง
WY87 พ516ค ฉ.1 
  Barcode: 036606
ห้องสมุดวิทยาเขตสวรรค์ประชารักษ์
►ส่วนจัดเก็บหนังสือเก่า สปร
บนชั้น
  ขอยืม
2. Book การพยาบาล
Book การพยาบาล
WY87 พ516ค ฉ.10 
  Barcode: 036615
ห้องสมุดวิทยาเขตสวรรค์ประชารักษ์
►ส่วนจัดเก็บหนังสือเก่า สปร
บนชั้น
  ขอยืม
3. Book การพยาบาล
Book การพยาบาล
WY87 พ516ค ฉ.2 
  Barcode: 036607
ห้องสมุดวิทยาเขตสวรรค์ประชารักษ์
►ส่วนจัดเก็บหนังสือเก่า สปร
บนชั้น
  ขอยืม
4. Book การพยาบาล
Book การพยาบาล
WY87 พ516ค ฉ.3 
  Barcode: 036608
ห้องสมุดวิทยาเขตสวรรค์ประชารักษ์
►ส่วนจัดเก็บหนังสือเก่า สปร
บนชั้น
  ขอยืม
5. Book การพยาบาล
Book การพยาบาล
WY87 พ516ค ฉ.4 
  Barcode: 036609
ห้องสมุดวิทยาเขตสวรรค์ประชารักษ์
►ส่วนจัดเก็บหนังสือเก่า สปร
บนชั้น
  ขอยืม
6. Book การพยาบาล
Book การพยาบาล
WY87 พ516ค ฉ.5 
  Barcode: 036610
ห้องสมุดวิทยาเขตสวรรค์ประชารักษ์
►ส่วนจัดเก็บหนังสือเก่า สปร
บนชั้น
  ขอยืม
7. Book การพยาบาล
Book การพยาบาล
WY87 พ516ค ฉ.6 
  Barcode: 036611
ห้องสมุดวิทยาเขตสวรรค์ประชารักษ์
►ส่วนจัดเก็บหนังสือเก่า สปร
บนชั้น
  ขอยืม
8. Book การพยาบาล
Book การพยาบาล
WY87 พ516ค ฉ.7 
  Barcode: 036612
ห้องสมุดวิทยาเขตสวรรค์ประชารักษ์
►ส่วนจัดเก็บหนังสือเก่า สปร
บนชั้น
  ขอยืม
9. Book การพยาบาล
Book การพยาบาล
WY87 พ516ค ฉ.8 
  Barcode: 036613
ห้องสมุดวิทยาเขตสวรรค์ประชารักษ์
►ส่วนจัดเก็บหนังสือเก่า สปร
บนชั้น
  ขอยืม
10. Book การพยาบาล
Book การพยาบาล
WY87 พ516ค ฉ.9 
  Barcode: 036614
ห้องสมุดวิทยาเขตสวรรค์ประชารักษ์
►ส่วนจัดเก็บหนังสือเก่า สปร
บนชั้น
  ขอยืม

รายการใกล้เคียง
    ผู้แต่ง [พัชนี สมกำลัง]

    หัวเรื่อง [ชีวิตทางจิตวิญญาณ]
    หัวเรื่อง [การบริหารการพยาบาล]

BibComment


ยังไม่เคยถูกคอมเมนท์

คอมเมนท์ทรัพยากรรายการนี้
  คอมเมนท์: จิตวิญญาณของผู้น..


 Copyright 2026. Bcnsprnw @Library